000 00761nac a22002657a 4500
001 BR9700544
003 BR-BrBNA
005 20240105121835.0
008 230509b bl.|||m| |||| 00| 0 por d
040 _aBR-BrBNA
_bpor
_cBiblioteca Nacional de Agricultura
072 _aL73; L70
090 _a5300 BR9700544
100 1 _aPaiva, D.P. de
110 1 _aCentro Nacional de Pesquisa de Suinos e Aves, Concordia, SC (Brasil)
245 1 _aIsosporose suina
260 3 _aConcordia, SC (Brasil):
_c1996.
300 _a5 p.
490 _aSuinocultura Dinamica (Brazil)
_vno. 18
_x
500 _a5 illus.
650 _aSuino
650 _aIsosporose
650 _aDiagnostico
909 _a202312
_bLúcia Elande
_c55
_dLúcia Elande
942 _2AGRIS
_n0
_cMS
999 _c287772
_d287772